000 00482nam a2200181Ia 4500
005 20250326130407.0
008 250326s9999 xx 000 0 und d
037 _aTextbook
040 _aFMSL
_beng
_cFMSL
041 _aeng
_2eng
084 _aX L3
_qFMSL
100 _aJames D E
245 0 _aIntroducation to Qualitative methods in economics
_cJames D E
260 _aNY
_bNY, John Wiley
_c1973
300 _a323p
942 _cTB
_hX L3
999 _c1282295
_d1282295